000 00388nam a2200133Ia 4500
008 211109s9999||||xx |||||||||||||| ||und||
082 _a294.5923
_bCHE-V
100 _aMadavamenon, Cherrusserry
245 0 _aVEERAPRATHINJA
260 _bP k Brothers
_aKozhikode
_c1956
630 _xGeneral Stack
650 _aReligion
_vOther religionsReligions of Indic origin
_xMalayalam
942 _cBOOK
999 _c19979
_d19979